| 000 | 00455nam a22001697a 4500 | ||
|---|---|---|---|
| 999 |
_c9716 _d9716 |
||
| 003 | GBCCL | ||
| 005 | 20241126110717.0 | ||
| 008 | 230626b ||||| |||| 00| 0 eng d | ||
| 020 | _a0899579485 | ||
| 040 | _cgbc | ||
| 082 |
_a220.5208 _bLAH |
||
| 245 |
_aTim Lahaye prophecy study Bible : _bNew King James Version |
||
| 260 |
_aUSA : _bAMG Publishers, _c2001. |
||
| 300 | _a1700p. ; | ||
| 650 |
_aBible _vEnglish _xNew king james _916879 |
||
| 942 |
_2ddc _cREF |
||